10 most popular books in the world - Statistics

General Stats
  • This quiz has been taken 45 times
  • The average score is 2 of 10
Answer Stats
Hint Answer % Correct
1 The Bible
93%
3 Harry Potter
70%
4 Lord of the rings
30%
10 The diary of a young girl
10%
6 The Da Vinci Code
8%
5 The Alchemist
5%
7 The twilight Saga
5%
8 Gone with the wind
3%
2 Quotations from the works of Mao Tse-Tung
3%
9 Think and grow rich
3%
No matching quizzes found
Score Distribution
Percent of People with Each Score
Percentile by Number Answered
Your Score History
You have not taken this quiz